[Event "SVK-ch U16"]
[Site "Tatralandia"]
[Date "2024.04.07"]
[Round "3"]
[White "Sujan, Daniel"]
[Black "Malina, Marko"]
[Result "1-0"]
[WhiteElo "1702"]
[BlackElo "1000"]
[PlyCount "103"]
[EventDate "2024.04.05"]
[EventType "swiss"]
[EventRounds "9"]
[EventCountry "SVK"]
[SourceTitle "CB16_2024"]
[SourceDate "2024.04.17"]
[SourceVersion "1"]
[SourceVersionDate "2024.04.17"]
[SourceQuality "1"]

1. e4 e5 2. Nf3 Nc6 3. Bb5 a6 4. Ba4 Nf6 5. 0-0 Be7 6. Re1 b5 7. Bb3 0-0 8. c3 d5 9. exd5 Nxd5 10. Nxe5 Nxe5 11. Rxe5 c6 12. Bxd5 cxd5 13. d4 Bd6 14. Re1 Qh4 15. g3 Qh3 16. Qf3 Bg4 17. Qg2 Rfe8 18. Rxe8+ Rxe8 19. Qxh3 Bxh3 20. Be3 h5 21. Nd2 h4 22. Re1 f5 23. f4 Re6 24. Nf3 hxg3 25. hxg3 Rg6 26. Ng5 Bg4 27. Bd2 Kf8 28. Re6 Rxe6 29. Nxe6+ Ke7 30. Nc5 a5 31. Kf2 Kf7 32. Nd3 Kf6 33. Ne5 a4 34. Nxg4+ fxg4 35. b3 axb3 36. axb3 Kf5 37. Ke3 g5 38. fxg5 Kxg5 39. Kd3+ Kf5 40. Be1 Bc7 41. c4 bxc4+ 42. bxc4 dxc4+ 43. Kxc4 Ke4 44. d5 Kf3 45. Kc5 Ke2 46. Kc6 Bd8 47. Bc3 Kf3 48. Be5 Ke4 49. Bf4 Kf5 50. Kd7 Bf6 51. d6 Bh4 52. Ke8 1-0